000 00602nam a2200229Ia 4500
003 OSt
005 20220923225914.0
006 a|||||r|||| 00| 0
007 ta
008 Pun
024 _a275,756
037 _cTextual
040 _aARTS
_cARTS
_bPun
041 _2Pun
_aPun
082 _aO153,1NAHx, L0
100 _aਆਹਲੂਵਾਲੀਆ
245 0 _aਕੂੜੁ ਰਾਜਾ ਕੂੜੁ ਪਰਜਾ
260 _c1970
650 _aਪੰਜਾਬੀ ਸਾਹਿਤ
942 _hO153,1NAHx, L0
_cTEXL
_2CC
999 _c381202
_d381202